Miasta aglomeracji warszawskiej - Statystyki

Ogólne statystyki
  • Ten quiz został rozwiązany 688 razy
  • Średni wynik to 16 z 27
Statystyki odpowiedzi
Liczba ludności Miasto % Poprawnych
1 777 972 Warszawa
97%
61 237 Pruszków
92%
51 033 Legionowo
84%
47 423 Piaseczno
84%
43 388 Otwock
80%
32 146 Marki
78%
35 336 Ząbki
78%
37 138 Wołomin
75%
27 174 Grodzisk Mazowiecki
66%
18 609 Józefów
60%
16 056 Łomianki
60%
37 927 Mińsk Mazowiecki
59%
27 510 Nowy Dwór Mazowiecki
59%
18 646 Sulejówek
59%
17 528 Zielonka
59%
16 631 Konstancin - Jeziorna
58%
22 619 Piastów
57%
39 992 Żyrardów
49%
12 285 Ożarów Mazowiecki
47%
12 244 Radzymin
47%
22 777 Kobyłka
46%
15 784 Milanówek
41%
12 392 Błonie
39%
13 533 Brwinów
36%
12 957 Halinów
31%
3 844 Podkowa Leśna
30%
10 368 Karczew
28%
Nie znaleziono quizów pasujących do podanych kryteriów
Rozkład punktacji
Procent ludzi z każdym wynikiem
Percentyl według liczby udzielonych odpowiedzi
Twoja historia wyników
Nie rozwiązałeś tego quizu